| 000 | 00594nam a22002057a 4500 | ||
|---|---|---|---|
| 007 | 00 | ||
| 008 | 160617b xxu||||| |||| 00| 0 eng d | ||
| 020 | _a2-7462-1168-8 | ||
| 040 |
_aBUAC _cBUC |
||
| 041 | _aFre. | ||
| 100 | _aRastetter, Yvon | ||
| 245 |
_aLa fusion de la téléphonie dans l'internet _c/ par Yvon Rastetter |
||
| 260 |
_aParis : _bLavoisier, _c2005 |
||
| 300 |
_a180 p. _c24 cm. |
||
| 440 | _a(Collection Nouvelles Technologies Informatiques) | ||
| 521 | _aGlossaire. pp. (171 - 180). | ||
| 630 | _aSCIENCES APPLIQUEES | ||
| 650 | _aTélécommunication | ||
| 942 | _cLBA | ||
| 999 |
_c54607 _d54607 |
||